Score 0/50 Timer 02:00
4 Plays Today
% Correct
Vienna
88%
Berlin
87.1%
Bass Drum
86.6%
Prague
85.9%
Brussels
85.9%
Tambourine
85%
Triangle
83.5%
Turkey
82.1%
Gravy
78.8%
Pie
78.4%
Stuffing
77.9%
Timpani
73.4%
Clickable
71.9%
Mashed Potatoes
71.2%
Simpson
69.3%
Margaret Thatcher
68.6%
Winston Churchill
68.2%
Maracas
68.1%
David Cameron
67%
Theresa May
66.1%
Flanders
64.9%
Ljubljana
63.8%
Tony Blair
63.4%
Skinner
60.5%
Classic
59.7%
% Correct
Slideshow
58.8%
Wiggum
58.4%
Map
55.3%
Grid
54.3%
Tiger
50.3%
Lion
49.8%
Jaguar
49.5%
Leopard
48.1%
Cheetah
47.8%
Dauntless
42.7%
Erudite
39.9%
Abnegation
39.9%
Patience
38.7%
Kindness
37.9%
Peace
37.4%
Nahasapeemapetilon
37%
Candor
35.3%
Amity
35.3%
Gentleness
35.1%
Self-Control
33.3%
Pleasant Park
32.6%
Junk Junction
32.5%
Tilted Towers
32.5%
Loot Lake
30.2%
Dusty Divot
29.4%

You're not logged in!

Compare scores with friends on all Sporcle quizzes.
OR
Log In

Sporcle TV

Today on Sporcle TV


Watch our educational content, quiz creation guides, and fun videos on Sporcle TV.

Show Comments

Extras

Top Quizzes Today


Score Distribution

Paid Content

Your Account Isn't Verified!

In order to create a playlist on Sporcle, you need to verify the email address you used during registration. Go to your Sporcle Settings to finish the process.

Report this User

Report this user for behavior that violates our Community Guidelines.

Details: